000 005760000a22002170004500
003 LK-CoMWRAF
005 20230915150217.0
008 230817t1980 ||||| |||| 00| 0 eng d
040 _aLK-CoMWRAF
_dLK-CoMWRAF
_eLK-CoMWRAF
041 _aeng
082 _a297.122
_bIRV
100 _aIrving, Thomas Ballantine
100 _aAhmad, Khurshid
100 _aAhsan, Muhammad Manazir
245 _aThe Qur'an :
_bBasic teachings
260 _aDelhi :
_bMarkazi Maktaba Islami,
_c1980
300 _a280p
650 _a Islam
650 _aQurʾan - Introductions
942 _cBK
999 _c1444
_d1444